000 00524cam a2200193ua 4500
041 _amal
_h
082 _a894.8121
_bKUN/BH
100 _aKunnukuttan Thampuram, Kodungallur .
_95962
245 _aBhashabharatham: Anushashika aswamedha ashramavasika parvangal /
_cKodungallur Kunnukuttan Thampuran.
_hTextual Documents
250 _a1 /
_b.
260 _aTrichur :
_bVallathole Publishing House ,
_c1957.
300 _a ; .
362 0 _a7-
504 _a
942 _cBK
999 _c43
_d43
003 @
003 OSt